Sistema de planeación del BCIE
Presenta un esquema del sistema de planificación en el BCIE. Trata sobre aspectos generales de la planificación. Discute aspectos relativos a la planificación de largo y corto plazo. Expone varios conceptos sobre la planificación./ACM
Uloženo v:
| Korporativní autor: | |
|---|---|
| Médium: | Text |
| Vydáno: |
Tegucigalpa:
BCIE
|
| Témata: | |
| Tagy: |
Přidat tag
Žádné tagy, Buďte první, kdo vytvoří štítek k tomuto záznamu!
|
MARC
| LEADER | 00000 a a2200000 04500 | ||
|---|---|---|---|
| 001 | 20313 | ||
| 003 | |||
| 040 | |a CRAI/IIS |c CRAI/IIS | ||
| 090 | |a 084400 | ||
| 110 | |a BCIE. Gerencia de Programación y Promoción. Area de Estudios Económicos y Programación General | ||
| 245 | |a Sistema de planeación del BCIE | ||
| 260 | |a Tegucigalpa: |b BCIE | ||
| 300 | |a 30 p. | ||
| 520 | |a Presenta un esquema del sistema de planificación en el BCIE. Trata sobre aspectos generales de la planificación. Discute aspectos relativos a la planificación de largo y corto plazo. Expone varios conceptos sobre la planificación./ACM | ||
| 650 | |a AMERICA CENTRAL | ||
| 650 | |a BCIE | ||
| 650 | |a SISTEMAS DE PLANIFICACION | ||
| 999 | |c 3916 |d 3916 | ||
